000 00436nam a2200181Ia 4500
008 221030s9999 xx 000 0 und d
020 _a8120400127
041 _aEnglish
082 _a105.23
_bPar
100 _aU. Pareek
245 0 _aDesigning & Managing Human Resource Systems
250 _a2nd
260 _bOxford &IBH Pub.
_aNew Delhi
_c1999
300 _a412
650 _aBE Management
700 _aT. V. Rao
942 _cBK
999 _c7507
_d7507